Quality information systems
Saved in:
| Main Author: | |
|---|---|
| Format: | Book |
| Language: | English |
| Published: |
Danvers :
Boyd & Fraser publishing company,
1995
|
| Subjects: | |
| Tags: |
Add Tag
No Tags, Be the first to tag this record!
|
MARC
| LEADER | 00000nam a2200000 i 4500 | ||
|---|---|---|---|
| 001 | 1/58864 | ||
| 008 | 980526s1995 eng d | ||
| 020 | |a 0789500612 | ||
| 035 | |l 10028440 | ||
| 040 | |a GR-MY-UA |b gre |e aacr | ||
| 041 | 0 | |a eng | |
| 082 | 0 | |a 658.4038 | |
| 100 | 1 | |a Zahedi, Fatemeh |d 1945- | |
| 245 | 1 | 0 | |a Quality information systems / |c Fatemeh Zahedi |
| 260 | |a Danvers : |b Boyd & Fraser publishing company, |c 1995 | ||
| 300 | |a x, 420 p. | ||
| 504 | |a index included | ||
| 650 | 0 | 0 | |a Management information systems. |
| 650 | 0 | 0 | |a Total quality management. |
| 852 | |a INST |b CHIOS |e 19980526 |h 658.4038 ZAH |p 005200016432 |q 005200016432 |t BK |y 0 | ||
| 901 | |a BIBL-1998-2 | ||
| 909 | |a Χ |b 055744 | ||
| 922 | |a 2ΕΛΗ |b 199804 |c ΤΔΕ |d ΠΑΠΑΣΩΤΗΡΙΟΥ | ||